00724nam a2200205 i 4500003000900000005001700009007000300026008004100029040003000070082001900100100004300119245010700162264004800269300003200317336002700349337003400376338002800410490001600438500006400454DO-SdBNP20250613095434.0ta111121s199- dr c 000 0 spa d aDO-SdBNPbspacBNPHUerda 4axxxxbH7312221 aHolguín Veras, Miguel A.,d1927-200710aEduardo Brito :bAntonio Mesa, cuatro artículos acerca de la música /cMiguel A. Holguín Veras. aSanto Domingo :bEdiciones Holedi,c[19u?]. a108, 61 páginas ;c23 cm. atextobtxt2rdacontent asin mediación bn2rdamedia avolumenbnc2rdacarrier0 aSemblanzas  aDos obras encuadernadas juntas con paginación invertida.